Dirección de la producción y de operaciones : (Record no. 21381)

000 -CABECERA
fixed length control field 01032nam a22002177a 4500
003 - IDENTIFICADOR DEL NÚMERO DE CONTROL
control field AR-CdUCM
008 - DATOS DE LONGITUD FIJA--INFORMACIÓN GENERAL
fixed length control field 190529b ||||| |||| 00| 0 spa d
020 ## - NÚMERO INTERNACIONAL ESTÁNDAR DEL LIBRO
ISBN 9788490352878
040 ## - FUENTE DE LA CATALOGACIÓN
Agencia/entidad que catalogó originalmente la obra MUNICIPALIDAD PROVINCIAL DEL CUSCO
Entidad que transcribió la catalogación BIBLIOTECA MUNICIPAL DEL CUSCO
082 ## - NÚMERO DE LA CLASIFICACIÓN DECIMAL DEWEY
No. de Clasificación 657.4/H2
Notacion interna H2
No. de la edición Once
100 ## - ENTRADA PRINCIPAL--NOMBRE DE PERSONA
Nombre Personal Heizer, Jay
245 ## - MENCIÓN DE TÍTULO
Título Dirección de la producción y de operaciones :
Resto del título Decisiones estratégicas /
260 ## - PUBLICACIÓN, DISTRIBUCIÓN, ETC.
Lugar de publicación, distribución, etc. Madri ;
Nombre de la editorial, distribuidor, etc. Pearson,
Fecha de publicación, distribución, etc. 2015.
300 ## - DESCRIPCIÓN FÍSICA
Nº de Páginas Extensión 594 Páginas. :
Dimensiones 25 cm.
505 ## - NOTA DE CONTENIDO CON FORMATO
Nota de contenido formateada Contenido: Operaciones y productividad -- Estrategia de operaciones en un entorno global -- Dirección de proyectos -- Previsión -- Diseño de bienes y servicios -- Gestión de la calidad -- Estrategia y diseño de procesos -- Estrategia de localización -- Estrategias de layout -- Recursos humanos diseño del trabajo y medición del trabajo ...
650 ## - PUNTO DE ACCESO ADICIONAL DE MATERIA--TÉRMINO DE MATERIA
Descriptor Producción
9 (RLIN) 1785
650 ## - PUNTO DE ACCESO ADICIONAL DE MATERIA--TÉRMINO DE MATERIA
Descriptor Economía de la producción
9 (RLIN) 42524
650 ## - PUNTO DE ACCESO ADICIONAL DE MATERIA--TÉRMINO DE MATERIA
Descriptor Diseño de producción
9 (RLIN) 22213
942 ## - ELEMENTOS DE PUNTO DE ACCESO ADICIONAL (KOHA)
Fuente de clasificación
Tipo de item Libros-BMC
945 ## - PROCESAMIENTO DE INFORMACIÓN LOCAL (OCLC)
Catalogador Roel
Holdings
Estado de retiro (separado) Fuente de clasificación o esquema de estanterías Estado dañado Ubicación Sala donde se ubica Nombre de la colección Fecha de adquisición o compra Fuente de adquisición Costo, precio normal en soles Signatura topográfica Código de Barras Última vez visto (Koha) Tipo de ítem (Koha)
No     Sala Ciencias Sala Ciencias Book Cart 2020-03-06 Compra 50.00 657.4/H2 SC0000002207 2020-03-06 Libros-BMC
No     Sala Ciencias Sala Ciencias Book Cart 2020-03-06 Compra 50.00 657.4/H2/e.2 SC0000002208 2020-03-06 Libros-BMC

Powered by Koha